Základy chemie ke studiu na VŠCHT

Gespeichert in:
Bibliographische Detailangaben
Hauptverfasser: Muck, Alexander (Verfasst von), Paleta, Oldřich (Verfasst von)
Format: Buch
Sprache:Tschechisch
Veröffentlicht: Praha : Vydavatelství VŠCHT, 1998
Ausgabe:2.vyd
Tags: Tag hinzufügen
Keine Tags, Fügen Sie das erste Tag hinzu!

MARC

LEADER 00000nam a22000003a 4500
001 stu91849
005 20150617225624.8
008 041129s1998----xr------------------cze-d
020 |a 80-7080-320-7 
040 |a STU  |b slo 
041 0 |a cze 
044 |a xr 
080 |a 54(075.8) 
100 1 |a Muck, Alexander  |4 aut 
245 1 |a Základy chemie ke studiu na VŠCHT 
250 |a 2.vyd 
260 |a Praha :  |b Vydavatelství VŠCHT,  |c 1998 
300 |a 208 s 
700 1 |a Paleta, Oldřich  |4 aut 
996 |b 284C027549  |c C*S74998  |l CCI  |s A  |a 24  |w stu91849_0001